000 00429nam a2200145Ia 4500
003 OSt
005 20260122170052.0
008 211028s2015 xx 000 0 und d
040 _cAIMIT LIBRARY
041 _aeng
100 _aSuhas, N; Harinakshi.
_g1316143
_97413
245 _aStudy on the customer service with reference to national super bazaar Thirthahalli /
260 _aMangalore
_bHarinakshi.
_c2015
942 _2ddc
_cPRO
999 _c218983
_d218983